Niekoľko poznámok k druhovému spektru netopierov Likovskej jaskyne

Bibliographic Details
Main Author: Bobáková, Lucia (Author)
Format: Article
Language:Slovak
PhysicalDescription:Obr., tab.
ISSN:1335-213X
Subjects:

MARC

LEADER 00000nab a2200000 a 4500
001 vtls010255199
003 SK-MaSNL
005 20260304161756.0
008 25050717c2006 xo o e slol
035 |a SVKKK000085344 
035 |a urn:nbn:sk:snk-abf61z 
035 |a (urnnbn)urn:nbn:sk:snk:ar-001vfv 
035 |a (uuid)809186c4-848d-4d86-afa5-41552e925fac 
038 |a SVKKK 
040 |a SNKBUCL  |b slo  |c SNKBUCL  |e AACR2 
041 0 |a slo  |b eng 
044 |a xo  |c SK 
080 |a 551.44(437.6):599.4  |2 1997 
080 |a 599.4  |2 1997 
100 1 |a Bobáková, Lucia  |4 aut  |9 540983 
245 1 0 |a Niekoľko poznámok k druhovému spektru netopierov Likovskej jaskyne  |c Lucia Bobáková 
300 |b Obr., tab. 
504 |a Bibliogr. odkazy 
504 |a Res. angl. 
650 0 7 |a jaskyne  |2 SNKPH  |9 20772 
650 0 7 |a netopiere  |2 SNKPH  |9 26374 
650 0 7 |a biodiverzita  |2 SNKPH  |9 3702 
651 7 |a Liskovská jaskyňa (Slovensko)  |2 SNKPHgeo  |9 84814 
773 0 |t Aragonit  |g Č. 11 (2006), s. 19-20  |x 1335-213X 
850 |a Slovenská národná knižnica 
852 |a Slovenská národná knižnica 
954 |a odborná, vedecká literatúra pôvodná (slovenská)  |2 lita 
958 |a article2022 
958 |a NB 
958 |a OND 
958 |a EUIPO 
999 |c 2972193  |d 2974123